000 00473cam a2200181 4500
001 D2504
008 090401t1981 xxu||||| |||| 00| 0 eng d
035 _a(Sirsi) u69328
041 _aeng
050 _a692.507
100 _aCoates, H.
245 _aReport of an opinion survey of quantity surveying education 1977
260 _aPortsmouth
_bPortsmouth Polytechnic, Department of Su
_c1981
300 _a96p. 30cm
350 _a0
942 _n0
948 _c04/03/1997
999 _c95185
_d95185